Early Diagnosis of Lung Cancer Using Medical Image Processing (Record no. 13026)

MARC details
000 -LEADER
fixed length control field 00451nam a2200169 4500
003 - CONTROL NUMBER IDENTIFIER
control field OSt
008 - FIXED-LENGTH DATA ELEMENTS--GENERAL INFORMATION
fixed length control field 250128b |||||||| |||| 00| 0 eng d
020 ## - INTERNATIONAL STANDARD BOOK NUMBER
International Standard Book Number 9789357470995
100 ## - MAIN ENTRY--PERSONAL NAME
Personal name KUMAR, Vinod
245 ## - TITLE STATEMENT
Title Early Diagnosis of Lung Cancer Using Medical Image Processing
250 ## - EDITION STATEMENT
Edition statement 1st Ed.
260 ## - PUBLICATION, DISTRIBUTION, ETC. (IMPRINT)
Place of publication, distribution, etc Karnataka
Name of publisher, distributor, etc Iterative International Publisher
Date of publication, distribution, etc 2023
300 ## - PHYSICAL DESCRIPTION
Extent 86
650 ## - SUBJECT ADDED ENTRY--TOPICAL TERM
Topical term or geographic name as entry element Applied Sc
700 ## - ADDED ENTRY--PERSONAL NAME
Personal name Tomar, Vipin
942 ## - ADDED ENTRY ELEMENTS (KOHA)
Source of classification or shelving scheme Dewey Decimal Classification
Koha item type Text Books
Holdings
Withdrawn status Lost status Source of classification or shelving scheme Damaged status Not for loan Collection code Home library Current library Date acquired Source of acquisition Currency Cost, normal purchase price Bill Number Total Checkouts Full call number Acc. no. / Barcode Date last seen Actual Cost, discounted price Bill Date Koha item type
    Dewey Decimal Classification     Applied Sc. PIET C-LIBRARY PIET C-LIBRARY 27/01/2025 Zafaa Books and Distributors INR 260.00 ZBD0457   616.994 KUE 38639 28/01/2025 247.00 27/01/2025 Text Books

Design & Developed by: PIET Central Library
R70 Miles Stone Pattikalyana Samalkha Panipat 132102
mail ID :- [email protected], Phone No:- 0180-2569700 Ex.216